000 00791nam a2200229Ia 4500
005 20260430150815.0
008 008 250103s9999 xx 000 0 hin d
037 _aTheses
040 _aCRL
040 _bhin
040 _chin
041 _2hin
041 _ahin
084 _qCRL
100 _aगौतम, श्रुति, ले.
_9870378
245 0 _a21वीं सदी की बाल विषयक हिन्दी फिल्मों में बाल सरोकार यथार्थ व चुनौतियाॅं
260 _c2024
300 _a297पृ.
700 _aदिल्ली विश्वविद्यालय. कला संकाय. हिन्दी विभाग
942 _cTH
999 _c1850866
_d1850866